| 000 | 00412nam a2200133Ia 4500 | ||
|---|---|---|---|
| 005 | 20260326235500.0 | ||
| 008 | 260326s9999||||xx |||||||||||||| ||und|| | ||
| 100 | _aCorradine Angulo, Alberto | ||
| 245 | 0 |
_aSanta Cruz de Mompox : _b Estudio Morfológico y reglamentario / _cAlberto Corradine Angulo |
|
| 260 | _bCorporación Nacional de Turismo | ||
| 300 | _a166 p. | ||
| 650 | _aARQUITECTURA COLONIAL | ||
| 942 | _cBK | ||
| 999 |
_c8059 _d8059 |
||